| 000 | 00444nam a2200181Ia 4500 | ||
|---|---|---|---|
| 005 | 20250425161244.0 | ||
| 008 | 250425s9999 xx 000 0 und d | ||
| 041 | _aeng | ||
| 082 | _a621.381537 | ||
| 100 | _aMCCLUSKEY, E. J. | ||
| 245 | 0 | _aINTRODUCTION TO THE THEORY OF SWITCHING CIRCUITS | |
| 250 | _a1ST ED. | ||
| 260 |
_aEstados Unidos _bMCGRAW HILL _c1965 |
||
| 260 | _aNEW YORK | ||
| 300 | _a318 | ||
| 942 | _c01 | ||
| 010 | _a16240 | ||
| 999 |
_c205556 _d205556 |
||